000 00237nam a2200109Ia 4500
008 170627s9999 xx 000 0 und d
100 _aSAXENA- RAJAN
245 0 _aMARKETING MANAGEMENT
260 _bTMH
260 _c2005
546 _aENGLISH
690 _aMARKETING
999 _c35368
_d35368